000 00303nam a22001337a 4500
008 170316b xxu||||| |||| 00| 0 eng d
020 _a9780323031622
041 _aeng
080 _24 ED
_a611
100 _a7
101 _aSHM
245 _aHUMAN BODY HEALTH DISEASE
_cTHIBODEAU.G.A
942 _2udc
_cBK
999 _c7951
_d7951